000 00275nam a22001217a 4500
040 _cSK
082 _a635
100 _aBOWYER M.C.
245 _aDelaying postharvest senescence of cut flowers using nitric oxide
260 _aRIRDC
_bBOW
_c2003
300 _a11p.
942 _cEK
999 _c8851
_d8851